000 00570nam a2200193Ia 4500
003 GCL
008 140319s9999 xx 000 0 ara d
040 _aGCL /
_cGCL
082 0 4 _aط
_b813
_bدخ
100 1 _aبستالوزى
245 1 0 _aالخيول العشرة /
_cبستالوزى
260 _aالمانيا :
_bبستالوزى ،
_c1984
300 _a:
_bايض ؛
_c20 سم
490 _aمجموعة الاصدقاء العشرة
_v0
650 0 4 _aالاطفال
650 0 4 _aقصص الاطفال
650 0 4 _aادب الاطفال
942 _2ddc
_cBK
999 _c8916
_d8916